000 00943cab a2200337 4500
001 X2485
008 090401t1995 xxu||||| |||| 00| 0 eng d
035 _a(Sirsi) u24580
041 _aeng
245 _aAgricultural Mortgage Corporation plc v Woodward
260 _c1995
350 _a0
490 _aProperty and Compensation Reports
_v(1995) 70 P&CR 53-66(14)
520 _aCA 19 May 1994.
650 _aPROPERTY-LANDLORD AND TENANT-TENANCIES-AGRICULTURAL TENANCIES
650 _aARREARS
650 _aDIMINUTION IN VALUE
650 _aFARMS
650 _aFREEHOLD
650 _aINSOLVENCY ACT 1986 S423
650 _aMORTGAGEE
650 _aMORTGAGES
650 _aTENANCY AGREEMENT
650 _aTRANSACTION
650 _aUNDERVALUE
650 _aVACANT POSSESSION
690 _aLANDLORD AND TENANT-CASE LAW-AGRICULTURAL TENANCIES
690 _aRURAL PRACTICE-CASE LAW
942 _n0
948 _c04/03/1997
999 _c16489
_d16489